El Palacio de la Excma. Diputación Provincial de Barcelona / (Record no. 133216)

MARC details
000 -LEADER
campo de control de longitud fija 00574nam a2200157 4500
001 - NÚMERO DE CONTROL
campo de control 133216
003 - IDENTIFICADOR DE NÚMERO DE CONTROL
campo de control ES-MaACL
007 - CAMPO FIJO DE DESCRIPCIÓN FÍSICA--INFORMACIÓN GENERAL
campo de control de longitud fija t|
008 - DATOS DE LONGITUD FIJA--INFORMACIÓN GENERAL
campo de control de longitud fija 070214s1952 sp r ||||1| spa d
100 1# - ENTRADA PRINCIPAL--NOMBRE DE PERSONA
Nombre de persona Rubio y Cambronero, Ignacio.
9 (RLIN) 100454
245 13 - MENCIÓN DEL TÍTULO
Título El Palacio de la Excma. Diputación Provincial de Barcelona /
Mención de responsabilidad, etc. por el Dr. Ignacio Rubio y Cambronero.
260 ## - PUBLICACIÓN, DISTRIBUCIÓN, ETC.
Lugar de publicación, distribución, etc. Barcelona :
Nombre del editor, distribuidor, etc. Diputación Provincial,
Fecha de publicación, distribución, etc. 1952.
300 ## - DESCRIPCIÓN FÍSICA
Extensión 157 p., 35 lám. ;
Dimensiones 24 cm +
Material acompañante/anejo 1 plan. pleg.
710 2# - ENTRADA AGREGADA--NOMBRE DE ENTIDAD CORPORATIVA
Nombre de entidad corporativa o nombre de jurisdicción como elemento de entrada Barcelona (Provincia).
Unidad subordinada Diputación Provincial.
9 (RLIN) 2148
852 ## - LOCALIZACIÓN
Ubicación ES-MaACL
Número de control de estantería C-8717
Sublocalización o colección R.34019
Holdings
Estatus retirado Estado de pérdida Estado de daño No para préstamo Biblioteca de origen Biblioteca actual Ubicación en estantería Fecha de adquisición Fuente de adquisición Total de préstamos Signatura topográfica completa Código de barras Visto por última vez Precio de reemplazo Tipo de ítem Koha
        Biblioteca del Ateneo de Madrid Biblioteca del Ateneo de Madrid Sala Palomar 17/01/2008     C-8717 1138682 23/02/2023 23/02/2023 Libro impreso